MARC details
| 000 -CABECERA |
| campo de control de longitud fija |
05483nam a2200385 a 4500 |
| 001 - NÚMERO DE CONTROL |
| campo de control |
dia_960 |
| 003 - IDENTIFICADOR DEL NÚMERO DE CONTROL |
| campo de control |
CHAP |
| 005 - FECHA Y HORA DE LA ÚLTIMA TRANSACCIÓN |
| campo de control |
20250623154933.0 |
| 007 - CAMPO FIJO DE DESCRIPCIÓN FÍSICA--INFORMACIÓN GENERAL |
| campo de control de longitud fija |
ta |
| 008 - DATOS DE LONGITUD FIJA--INFORMACIÓN GENERAL |
| campo de control de longitud fija |
220601s2000 mx ad fr 001 0 spa d |
| 020 ## - NÚMERO INTERNACIONAL ESTÁNDAR DEL LIBRO |
| Número Internacional Estándar del Libro |
968-18-5310-5 |
| 020 ## - NÚMERO INTERNACIONAL ESTÁNDAR DEL LIBRO |
| Número Internacional Estándar del Libro |
978-968-18-5310-5 |
| 040 ## - FUENTE DE LA CATALOGACIÓN |
| Centro catalogador/agencia de origen |
mxchpua |
| Centro/agencia transcriptor |
CHAP |
| Normas de descripción |
rda |
| 050 1# - SIGNATURA TOPOGRÁFICA DE LA BIBLIOTECA DEL CONGRESO |
| Número de clasificación |
QA401 |
| Número de documento/Ítem |
.K74 2000 |
| 082 ## - NÚMERO DE LA CLASIFICACIÓN DECIMAL DEWEY |
| Número de edición |
20 |
| Número de clasificación |
517.38 |
| Número de documento/Ítem |
K74 2000 |
| 100 1# - ENTRADA PRINCIPAL--NOMBRE DE PERSONA |
| Nombre de persona |
Kreyszig, Erwin |
| 9 (RLIN) |
63918 |
| 240 10 - TÍTULO UNIFORME |
| Título uniforme |
Advanced engineering mathematics. |
| Lenguaje de la obra |
Español |
| 245 10 - MENCIÓN DE TÍTULO |
| Título |
Matemáticas avanzadas para ingeniería / |
| Mención de responsabilidad, etc. |
Erwin Kreyszig ; traductores Rodolfo Piña García y Hugo Villagómez Velázquez |
| 250 ## - MENCIÓN DE EDICIÓN |
| Mención de edición |
3a edición |
| 300 ## - DESCRIPCIÓN FÍSICA |
| Extensión |
2 volúmenes : |
| Otras características físicas |
ilustraciones, gráficas, diagramas, tablas |
| 504 ## - NOTA DE BIBLIOGRAFÍA, ETC. |
| Nota de bibliografía, etc. |
Bibliografía: p. 623-628 |
| 505 0# - NOTA DE CONTENIDO CON FORMATO |
| Nota de contenido con formato |
VOLUMEN 1: --<br/>PARTE A. ECUACIONES DIFERENCIALES ORDINARIAS --<br/>1. Ecuaciones diferenciales de primer orden --<br/>2. Ecuaciones diferenciales lineales de segundo orden --<br/>3. Ecuaciones diferenciales lineales de orden superior --<br/>4. Sistemas de ecuaciones diferenciales. Plano fase, estabilidad --<br/>5. Soluciones en series de potencias de las ecuaciones diferenciales. Funciones especiales --<br/>6. Transformada de Laplace --<br/>PARTE B: ÁLGEBRA LINEAL, CÁLCULO VECTORIAL --<br/>7. Álgebra lineal: matrices, vectores, determinantes --<br/>8. Cálculo diferencial vectorial. Gradiente, divergencia, rotacional --<br/>9. Cálculo integral vectorial. Teoremas sobre integrales --<br/>PARTE C: ANÁLISIS DE FOURIER Y ECUACIONES DIFERENCIALES PARCIALES --<br/>10. Series, integrales y transformadas de Fourier --<br/>11. Ecuaciones diferenciales parciales --<br/>PARTE D: ANÁLISIS COMPLEJO --<br/>12. Números complejos. Funciones analíticas complejas --<br/>13. Integración compleja --<br/>14. Series de potencias, series de Taylor, series de Laurent --<br/>15. Integración por el método de residuos --<br/>16. Mapeo conforme --<br/>17. Análisis complejo aplicado a la teoría del potencial --<br/>PARTE E: MÉTODOS NUMÉRICOS --<br/>18. Métodos numéricos en general --<br/>19. Métodos numéricos en álgebra lineal --<br/>20. Métodos numéricos para ecuaciones diferenciales --<br/>PARTE F: OPTIMIZACIÓN, GRÁFICAS --<br/>21. Optimización no restringida, programación lineal --<br/>22. Gráficas y análisis combinatorio --<br/>PARTE G: PROBABILIDAD Y ESTADÍSTICA --<br/>23. Teoría de probabilidad --<br/>24. Estadística matemática --<br/>Apéndices --<br/>Índice<br/> |
| 520 2# - SUMARIO, ETC. |
| Sumario, etc. |
Este libro presenta a los estudiantes de ingeniería, física, matemáticas y ciencias de la computación las áreas de las matemáticas que, desde una perspectiva moderna, poseen mayor importancia en relación con problemas prácticos. El contenido y carácter de las matemáticas necesarias en aplicaciones prácticas cambian con rapidez. Cada vez son más importantes el álgebra lineal -las matrices en particular- y los métodos numéricos para computadoras. La estadística y la teoría de las gráficas desempeñan papeles más sobresalientes. El análisis real (las ecuaciones diferenciales ordinarias y parciales) y el análisis complejo siguen siendo indispensables. El material del presente texto, dividido en dos volúmenes, está organizado consecuente mente en siete partes independientes (ver también el diagrama de la página siguiente):<br/>A Ecuaciones diferenciales ordinarias (capítulos 1-6) <br/>B Álgebra lineal, cálculo vectorial (capítulos 7-9) <br/>C Análisis de Fourier y ecuaciones diferenciales parciales (capítulos I0, I1)<br/>D Análisis complejo (capítulos 12-17) <br/>E Métodos numéricos (capítulos 18-20)<br/>F Optimización, gráficas (capítulos 21,22) <br/>G Probabilidad y estadística (capítulos 23, 24)<br/>A lo que sigue: <br/>Bibliografía (apéndice 1) <br/>Respuestas a los problemas de número impar (apéndice 2) <br/>Material complementario (apéndice 3) <br/>Demostraciones adicionales (apéndice 4) <br/>Tablas de funciones (apéndice 5) <br/>Este libro ha contribuido a allanar el camino para el progreso actual y capacitará a los estudiantes para la situación actual y el futuro mediante un tratamiento moderno de las áreas mencionadas y de las ideas algunas de ellas relacionadas con la computación que dan lugar en la actualidad a cambios fundamentales; muchos métodos son ya obsoletos. Se hace hincapié en las ideas nuevas, por ejemplo, la estabilidad, la estimación de errores y problemas estructurales de algoritmos, por citar sólo algunas. Las tendencias se alimentan por la oferta y la demanda: oferta de nuevos y eficaces métodos matemáticos y numéricos aunados a los enormes recursos de las computadoras; la demanda de resolver problemas de complejidad y alcance crecientes, los cuales se originan de sistemas o procesos de producción cada vez más elaborados, de condiciones físicas extremas (por ejemplo, las de viajes espaciales), de materiales con propiedades inusuales (plásticos, aleaciones, superconductores, etc.) o de tarcas por completo nuevas en el ámbito de las computadoras, la robótica y otros campos nuevos. |
| 650 13 - PUNTO DE ACCESO ADICIONAL DE MATERIA--TÉRMINO DE MATERIA |
| Término de materia o nombre geográfico como elemento de entrada |
Matemáticas para ingenieros |
| Fuente del encabezamiento o término |
atg |
| 9 (RLIN) |
157506 |
| 650 13 - PUNTO DE ACCESO ADICIONAL DE MATERIA--TÉRMINO DE MATERIA |
| Término de materia o nombre geográfico como elemento de entrada |
Física matemática |
| 9 (RLIN) |
41998 |
| Fuente del encabezamiento o término |
atg |
| 650 13 - PUNTO DE ACCESO ADICIONAL DE MATERIA--TÉRMINO DE MATERIA |
| Término de materia o nombre geográfico como elemento de entrada |
Análisis matemático |
| 9 (RLIN) |
5988 |
| Fuente del encabezamiento o término |
atg |
| 650 13 - PUNTO DE ACCESO ADICIONAL DE MATERIA--TÉRMINO DE MATERIA |
| Término de materia o nombre geográfico como elemento de entrada |
Engineering mathematics |
| 9 (RLIN) |
153115 |
| Fuente del encabezamiento o término |
atg |
| 650 13 - PUNTO DE ACCESO ADICIONAL DE MATERIA--TÉRMINO DE MATERIA |
| Término de materia o nombre geográfico como elemento de entrada |
Mathematical physics |
| Fuente del encabezamiento o término |
atg |
| 700 1# - PUNTO DE ACCESO ADICIONAL--NOMBRE DE PERSONA |
| Nombre de persona |
Piña García, Rodolfo |
| 9 (RLIN) |
137897 |
| Término indicativo de función/relación |
traductor |
| 700 1# - PUNTO DE ACCESO ADICIONAL--NOMBRE DE PERSONA |
| Nombre de persona |
Villagómez Velázquez, Hugo |
| 9 (RLIN) |
149620 |
| Término indicativo de función/relación |
traductor |
| 901 ## - ELEMENTOS DE DATOS A LOCAL LDA (RLIN) |
| a |
517.38 K74 2000 |
| 902 ## - ELEMENTOS DE DATOS B LOCAL, LDB (RLIN) |
| a |
M |
| 905 ## - ELEMENTOS DE DATOS E LOCAL, LDE (RLIN) |
| a |
5232272000 MX m 8222223322SPA16 |
| 942 ## - ELEMENTOS DE PUNTO DE ACCESO ADICIONAL (KOHA) |
| Tipo de ítem Koha |
Libro |
| Fuente del sistema de clasificación o colocación |
Dewey Decimal Classification |